Les régions et les communes (nombre) en 2023 - Statistiques

Statistiques générales
  • Ce quiz a été pris 24 fois
  • Le résultat moyen est 8 sur 8
Statistiques - réponses
Nombre de communes Région % Correct
De 4001 à 5000 Auvergne-Rhône-Alpes | Nouvelle-Aquitaine | Occitanie
100%
De 1001 à 1300 Bretagne | Pays-de-la-Loire | Ile-de-France
100%
De 3001 à 4000 Bourgogne-Franche-Comté | Hauts-de-France
95%
Plus de 5000 Grand Est
95%
De 1301 à 2000 Centre-Val-de-Loire
91%
Moins de 500 Corse
91%
De 2001 à 3000 Normandie
91%
De 501 à 1000 Provence-Alpes-Côte-d'Azur
91%
Aucun quiz correspondant
Distribution des résultats
% des personnes avec chaque résultat
Percentile par nombre de réponses
Votre historique - résultats
Vous n’avez pas pris ce quiz